000 00748nam a2200265 a 4500
999 _c8449
_d8449
003 PK-NaQUE
005 20250131104121.0
008 250131b ||||| |||| 00| 0 eng d
020 _a0321614003 (hardcover)
020 _a9780321614001 (hardcover)
040 _cQUEST
100 1 _aBarnett, Raymond A.
245 1 0 _aCollege Mathematics for Business, Economics, Life Sciences and Social Sciences
250 _a.
_a[S.
260 _bPearson,
_c1996.
_a103
300 _a12t
490 _aThi
650 _aMathematics.
650 _aSocial sciences--Mathematics.
650 _aBiomathematics.
700 _aZiegler, Mich
700 _aByleen, K
856 _uhttp://10.10.170.122:8080/browse/book/26391
_yeBook
942 _cBK
_2ddc